|
|
|
|
| LEADER |
00000nab a2200000ua 4500 |
| 001 |
vtls010802539 |
| 003 |
SK-MaSNL |
| 005 |
20260303124135.0 |
| 008 |
230214s2008 xo |||||||||||||||||eng| |
| 035 |
|
|
|a (urnnbn)urn:nbn:sk:snk:ar-a03iub
|
| 035 |
|
|
|a (uuid)b9ce78c3-9a11-411c-ab68-635fec9f6aa6
|
| 035 |
|
|
|a urn:nbn:sk:snk-ab5as2
|
| 040 |
|
|
|a SNKBUCL
|b slo
|c SNKBUCL
|e AACR2
|
| 041 |
0 |
|
|a eng
|
| 044 |
|
|
|a xo
|c SK
|
| 100 |
1 |
|
|a Tonkic, A.
|4 aut
|9 1140806
|
| 245 |
1 |
0 |
|a Cognitive impairment and epilepsy seizure caused by hypoparathyroidism
|c A. Tonkic, I. Jukic, K. Kolic, M. Titlic, P. Filipovic-Grcic
|
| 700 |
1 |
|
|a Jukic, I.
|4 aut
|9 1140807
|
| 700 |
1 |
|
|a Kolic, K.
|4 aut
|9 1140811
|
| 700 |
1 |
|
|a Titlic, M.
|4 aut
|9 1139560
|
| 700 |
1 |
|
|a Filipovic, P.-Grcic
|4 aut
|9 1140815
|
| 773 |
0 |
|
|t Bratislavské lekárske listy
|g Roč. 109, č. 2 (2008), s. 79-81
|
| 958 |
|
|
|a OND
|
| 958 |
|
|
|a EUIPO
|
| 958 |
|
|
|a article3
|
| 999 |
|
|
|c 1929294
|d 1931224
|